Teresa e Isabella

Đã lưu trong:
Chi tiết về thư mục
Tác giả chính: Leduc, Violette
Định dạng: Sách
Ngôn ngữ:Tiếng Anh
Được phát hành: Milano
Các nhãn: Thêm thẻ
Không có thẻ, Là người đầu tiên thẻ bản ghi này!

MARC

LEADER 00000nam a2200000 4500
001 CDOM0000003831
003 mi
005 20250919153802.0
008 250919b |||||||| |||| 00| 0 eng d
040 |c mi 
100 |a Leduc, Violette 
245 1 |a Teresa e Isabella  
260 |a Milano 
942 |2 ddc  |c BK 
952 |0 0  |1 0  |2 ddc  |4 0  |7 0  |9 7030  |a MI  |b MI  |d 2009-09-07  |i 5571  |l 0  |p CDOM5571  |r 2025-07-13 16:28:00  |w 2025-07-13  |x ACQUISTO  |y BK 
999 |c 5745  |d 5745